| 000 | 00354nam a2200121Ia 4500 | ||
|---|---|---|---|
| 008 | 211105s9999 xx 000 0 und d | ||
| 020 | _aVYASA10067 | ||
| 100 | _aN Narayana Reddy G. | ||
| 245 | 0 | _aProceedings Of The Symposium On Humanity And Medicine | |
| 250 | _a\N | ||
| 260 |
_bNational Institute of Mental Health and Neuro Science _c\N |
||
| 300 | _a186p. | ||
| 999 |
_c4096 _d4096 |
||